Working with Map Projections: A Guide to their Selection /

Gespeichert in:
Bibliographische Detailangaben
Hauptverfasser: Kessler, Fritz C. (Verfasst von), Battersby, Sarah E. (Verfasst von)
Format: Buch
Sprache:Englisch
Veröffentlicht: Boca Raton: 2019
Ausgabe:1. vyd.
Schriftenreihe:Environmental science
Schlagworte:
Tags: Tag hinzufügen
Keine Tags, Fügen Sie das erste Tag hinzu!

MARC

LEADER 00000nam a22000003a 4500
001 0084053
003 SK-STU
005 20201030111609.6
007 ta
008 201030s ----xo-----e------000-0-----d
020 |a 978-1-138-30498-7 
040 |a STU  |b slo 
041 0 |a eng  |h eng 
044 |a xxu 
100 1 |a Kessler, Fritz C.  |4 aut  |r Z6 
245 1 0 |a Working with Map Projections:  |b A Guide to their Selection /  |c aut. Fritz C Kessler, Sarah E Battersby 
250 |a 1. vyd. 
260 |a Boca Raton:  |b 2019 
300 |a 299 s. 
490 0 |a Environmental science 
650 0 7 |a map projections 
650 0 7 |a mental maps 
650 0 7 |a web-based map resources 
700 1 |a Battersby, Sarah E.  |r Z6  |4 aut 
996 |c V* 53086/O-24246  |l VV11  |s P  |a 0  |w 0084053_0001